Strukturované studium v Kybernetice a měření

Bibliographic Details
Main Author: Bílek, Jan (Author)
Format: Article
Language:Czech
ISBN:9788080738624

MARC

LEADER 00000naa a2200000uu 4500
001 vtls011036890
003 SK-MaSNL
005 20260302124237.0
008 220810|2007 xo |||||||||||||||||cze|
015 |a SNBRA 
035 |a (urnnbn)urn:nbn:sk:snk:ar-008uvi 
035 |a (uuid)375dd682-7b6e-411f-9bf5-089d3fffa983 
035 |a urn:nbn:sk:snk-aauqkg 
040 |a SNKBUCL  |b slo  |c SNKBUCL  |e AACR2 
041 0 |a cze 
044 |a xo  |c SK 
100 1 |a Bílek, Jan  |4 aut  |9 278507 
245 1 0 |a Strukturované studium v Kybernetice a měření  |c Jan Bílek 
773 0 |t Súvislosti kybernetiky, informatiky a umelej inteligencie  |d Košice : Technická univerzita, 2007, 2007  |g S. 57-58  |z 9788080738624 
954 |a odborná, vedecká literatúra cudzojazyčná (svetová)  |2 lita 
958 |a OND 
958 |a article12 
958 |a chapter 
999 |c 1286913  |d 1288843